| 000 | 00659nam a22002057a 4500 | ||
|---|---|---|---|
| 005 | 20161121170403.0 | ||
| 010 | _aENG-116575 | ||
| 020 |
_a9789350358559 _c1195.00 |
||
| 035 | _aEN-100107 | ||
| 037 | _bDBAD/PUB | ||
| 082 | _a000 | ||
| 245 |
_aJudicial services examinations : _bthe complete preparation manual / |
||
| 250 | _a3rd ed. | ||
| 260 |
_aGurgaon _bLexis Nexis _c2016 |
||
| 270 |
_a14th floor, Building no 10, tower-B, DLF Cyber City, Phase-II, _bGurgaon (Haryana 0 _e122002 |
||
| 300 |
_aVarious Pagings : _c28cm(pbk) _bill |
||
| 490 | _aCATAPULT test prep series | ||
| 500 | _aIncludes index | ||
| 942 |
_2ddc _cEN _h000 _mJUD |
||
| 999 |
_c104688 _d104688 |
||